| 000 | 01007nam a22003017a 4500 | ||
|---|---|---|---|
| 001 | BR2014002139 | ||
| 003 | BR-BrBNA | ||
| 005 | 20230928104425.0 | ||
| 007 | ta | ||
| 008 | 230509b bl.||||| |||| 00| 0 por d | ||
| 040 |
_aBR-BrBNA _bpor _cBiblioteca Nacional de Agricultura |
||
| 041 | _a(Por) | ||
| 072 | _aC30 | ||
| 090 | _ C30 BR2014002139 | ||
| 100 | 1 | _aRobredo, J. | |
| 100 | 1 | _aChastinet, Y.S. | |
| 100 | 1 | _aLobo, P.R.A. | |
| 110 | 1 |
_aEmpresa Brasileira de Assistência Técnica e Extensão Rural, Brasília, DF (Brasil). Sistema Nacional de Informação Rural _93802 |
|
| 245 | 1 |
_aA base de dados Agris como suporte para o serviço de disseminação seletiva da informação BIP/AGRI _bDOC/TEC/76/019 |
|
| 260 | 3 |
_aBrasília, DF (Brasil): _c1976. |
|
| 300 | _a37 p. | ||
| 500 | _a24 ref.; Summaries (Eng, Spa, Fre, Por); 15 illus | ||
| 650 | _aBASE DE DADOS | ||
| 650 | _aINFORMÁTICA | ||
| 650 | _aSISTEMA DE INFORMAÇÃO | ||
| 909 |
_a202309 _bLucia _c55 _dLucia Elande |
||
| 942 | _cBK | ||
| 999 |
_c79822 _d79822 |
||